Propagation of the pulsed electron beam of nanosecond duration in gas composition of high pressure; Journal of Physics: Conference Series; Vol. 652 : Gas Discharge Plasmas and Their Applications (GDP 2015)

Dades bibliogràfiques
Parent link:Journal of Physics: Conference Series
Vol. 652 : Gas Discharge Plasmas and Their Applications (GDP 2015).— 2015.— [012040, 7 p.]
Autor corporatiu: Национальный исследовательский Томский политехнический университет (ТПУ) Институт физики высоких технологий (ИФВТ) Лаборатория № 1
Altres autors: Kholodnaya G. E. Galina Evgenievna, Sazonov R. V. Roman Vladimirovich, Ponomarev D. V. Denis Vladimirovich, Remnev G. E. Gennady Efimovich
Sumari:Title screen
This paper presents the results of the investigation of the propagation of an electron beam in the high-pressure gas compositions (50, 300, and 760 Torr): sulfur hexafluoride and hydrogen, sulfur hexafluoride and nitrogen, sulfur hexafluoride and argon. The experiments have been performed using the TEA-500 laboratory accelerator. The main parameters of the accelerator are as follows: an accelerating voltage of 500 kV; an electron beam current of 10 kA; a pulse width at half maximum of 60 ns; a pulse energy of 200 J; a pulse repetition rate of up to 5 pulses per second, a beam diameter of 5 cm. The pulsed electron beam was injected into a 55 cm metal drift tube. The drift tube is equipped with three reverse-current shunts with simultaneous detecting of signals. The obtained results of the investigation make it possible to conclude that the picture of the processes occurring in the interaction of an electron beam in the high-pressure gas compositions is different from that observed in the propagation of the electron beam in the low-pressure gas compositions (1 Torr).
Режим доступа: по договору с организацией-держателем ресурса
Idioma:anglès
Publicat: 2015
Matèries:
Accés en línia:http://dx.doi.org/10.1088/1742-6596/652/1/012040
http://earchive.tpu.ru/handle/11683/18223
Format: MixedMaterials Electrònic Capítol de llibre
KOHA link:https://koha.lib.tpu.ru/cgi-bin/koha/opac-detail.pl?biblionumber=644617

MARC

LEADER 00000nla2a2200000 4500
001 644617
005 20231219173641.0
035 |a (RuTPU)RU\TPU\network\9700 
035 |a RU\TPU\network\9697 
090 |a 644617 
100 |a 20151123a2015 k y0engy50 ba 
101 0 |a eng 
102 |a GB 
105 |a y z 101zy 
135 |a drgn ---uucaa 
181 0 |a i  
182 0 |a b 
200 1 |a Propagation of the pulsed electron beam of nanosecond duration in gas composition of high pressure  |f G. E. Kholodnaya [et al.] 
203 |a Text  |c electronic 
300 |a Title screen 
320 |a [References: 17 tit.] 
330 |a This paper presents the results of the investigation of the propagation of an electron beam in the high-pressure gas compositions (50, 300, and 760 Torr): sulfur hexafluoride and hydrogen, sulfur hexafluoride and nitrogen, sulfur hexafluoride and argon. The experiments have been performed using the TEA-500 laboratory accelerator. The main parameters of the accelerator are as follows: an accelerating voltage of 500 kV; an electron beam current of 10 kA; a pulse width at half maximum of 60 ns; a pulse energy of 200 J; a pulse repetition rate of up to 5 pulses per second, a beam diameter of 5 cm. The pulsed electron beam was injected into a 55 cm metal drift tube. The drift tube is equipped with three reverse-current shunts with simultaneous detecting of signals. The obtained results of the investigation make it possible to conclude that the picture of the processes occurring in the interaction of an electron beam in the high-pressure gas compositions is different from that observed in the propagation of the electron beam in the low-pressure gas compositions (1 Torr). 
333 |a Режим доступа: по договору с организацией-держателем ресурса 
461 1 |0 (RuTPU)RU\TPU\network\3526  |t Journal of Physics: Conference Series 
463 0 |0 (RuTPU)RU\TPU\network\9636  |t Vol. 652 : Gas Discharge Plasmas and Their Applications (GDP 2015)  |o 12th International Conference, 6–11 September 2015, Tomsk, Russia  |o [proceedings]  |v [012040, 7 p.]  |d 2015 
610 1 |a труды учёных ТПУ 
610 1 |a электронный ресурс 
610 1 |a распространение пучка 
610 1 |a импульсные пучки 
610 1 |a импульсные электронные пучки 
610 1 |a наносекундная длительность 
610 1 |a газовый состав 
610 1 |a высокое давление 
701 1 |a Kholodnaya  |b G. E.  |c electrophysicist  |c Associate Scientist of Tomsk Polytechnic University, candidate of technical Sciences  |f 1986-  |g Galina Evgenievna  |3 (RuTPU)RU\TPU\pers\32699  |9 16585 
701 1 |a Sazonov  |b R. V.  |c physicist  |c senior researcher of Tomsk Polytechnic University, candidate of physico-mathematical Sciences  |f 1984-  |g Roman Vladimirovich  |3 (RuTPU)RU\TPU\pers\32698  |9 16584 
701 1 |a Ponomarev  |b D. V.  |c physicist  |c Senior researcher of Tomsk Polytechnic University, Candidate of technical sciences  |f 1981-  |g Denis Vladimirovich  |3 (RuTPU)RU\TPU\pers\32702 
701 1 |a Remnev  |b G. E.  |c physicist  |c Professor of Tomsk Polytechnic University, Doctor of technical sciences  |f 1948-  |g Gennady Efimovich  |3 (RuTPU)RU\TPU\pers\31500 
712 0 2 |a Национальный исследовательский Томский политехнический университет (ТПУ)  |b Институт физики высоких технологий (ИФВТ)  |b Лаборатория № 1  |3 (RuTPU)RU\TPU\col\19035 
801 1 |a RU  |b 63413507  |c 20151005 
801 2 |a RU  |b 63413507  |c 20161122  |g RCR 
856 4 0 |u http://dx.doi.org/10.1088/1742-6596/652/1/012040 
856 4 0 |u http://earchive.tpu.ru/handle/11683/18223 
942 |c CF